01153nam a2200265Ia 4500008004100000020001800041040001800059041000800077245031700085260006800402300001800470500002300488546004700511650002100558650003100579650002800610700002700638700002100665700002900686700002600715700003200741700004200773700004300815710002900858130821s2011 sp gr mul  a9788415271048 aCo-BoUCMbspa00amul03aLa seguridad internacional en el siglo XXIbnuevas perspectivas = La sécurité internationale du XXIeme siècle nuvelles perspectives = International security in the 21st centrurybnew perspectivescRicardo Abello Galvis ...[et al.] ; coordinadores Elena del Mar García Rico, María Isabel Torres Cazorla. aPozuelo de Alarcón (Madrid, España)bPlaza & Valdésc2011 a278 páginas aInc luye índice. aTextos en español, francés e inglés.04aConflicto armado04aRelaciones internacionales04aSeguridad internacional1 aAbello Galvis, Ricardo1 aBeulay, Marjorie1 aBreves de Toledo, Rafael1 aCebada Romero, Alicia1 aChurruca Muguruza, Cristina1 aGarcía Rico, Elena del Mareecoord.1 aTorres Cazorla, María Isabelecoord.2 aUniversidad de Málaga.